Introductory microeconomics (Record no. 9885)

MARC details
000 -LEADER
fixed length control field 00439cam a2200181ua 4500
001 - CONTROL NUMBER
control field 10984
005 - DATE AND TIME OF LATEST TRANSACTION
control field 20260515114701.0
008 - FIXED-LENGTH DATA ELEMENTS--GENERAL INFORMATION
fixed length control field 190706n ii |||gr||||Z||||||eng
020 ## - INTERNATIONAL STANDARD BOOK NUMBER
International Standard Book Number 9789386053268
040 ## - CATALOGING SOURCE
Transcribing agency MAIN
082 ## - DEWEY DECIMAL CLASSIFICATION NUMBER
Classification number 338.5
100 ## - MAIN ENTRY--PERSONAL NAME
Personal name M S Qureshi,
Relator term Author.
245 ## - TITLE STATEMENT
Title Introductory microeconomics
Statement of responsibility, etc. By M S Qureshi
260 ## - PUBLICATION, DISTRIBUTION, ETC.
Place of publication, distribution, etc. New Delhi:
Name of publisher, distributor, etc. Wisdom press,
Date of publication, distribution, etc. 2018.
300 ## - PHYSICAL DESCRIPTION
Extent 220p.
653 ## - INDEX TERM--UNCONTROLLED
Uncontrolled term Production
942 ## - ADDED ENTRY ELEMENTS (KOHA)
Koha item type Books
Holdings
Withdrawn status Lost status Damaged status Not for loan Home library Current library Shelving location Date acquired Total checkouts Full call number Barcode Date last seen Date last checked out Copy number Price effective from Koha item type
        Naharkatiya College Library Naharkatiya College Library General stacks 09/19/2020 5 338.5Microeconomics | QUR 26485 10/24/2025 10/15/2025 1 09/19/2020 Books
        Naharkatiya College Library Naharkatiya College Library General stacks 09/19/2020 1 338.5Microeconomics | QUR 26486 12/11/2020 12/10/2020 2 09/19/2020 Books